Territories and Unrecognized Countries in the Olympics. - Statistics

General Stats
  • This quiz has been taken 74 times
  • The average score is 10 of 13
Answer Stats
Country owning territory Territory/Unrecognized country % Correct
China Hong Kong
90%
Netherlands Aruba
88%
Unrecognized country Taiwan
86%
The United States Puerto Rico
85%
The United States Guam
81%
The United Kingdom Bermuda
76%
New Zealand Cook Islands
76%
Unrecognized country Kosovo
73%
Unrecognized country Palestine
73%
The United States The U.S. Virgin Islands
73%
The United States American Samoa
71%
The United Kingdom The British Virgin Islands
58%
The United Kingdom The Cayman Islands
58%
No matching quizzes found
Score Distribution
Percent of People with Each Score
Percentile by Number Answered
Your Score History
You have not taken this quiz